| 000 | 00500nam a22001937a 4500 | ||
|---|---|---|---|
| 005 | 20230920155240.0 | ||
| 008 | 230911b |||||||| |||| 00| 0 eng d | ||
| 020 | _a0130980056 | ||
| 082 |
_a658.8 _bKOT-M |
||
| 100 | _aKotler;Philip | ||
| 245 | _aMarketing Management: Analysis,Planning,Implementation, and Control | ||
| 250 | _a8th.ed | ||
| 260 |
_aIndia _bPrentice Hall _c1994 |
||
| 300 | _a801 | ||
| 500 | _aInclude Index | ||
| 650 | _aManagement | ||
| 700 | _aKotler;Philip | ||
| 999 |
_c33495 _d33495 |
||